<?xml version="1.0" encoding="UTF-8"?>
<record
    xmlns:xsi="http://www.w3.org/2001/XMLSchema-instance"
    xsi:schemaLocation="http://www.loc.gov/MARC21/slim http://www.loc.gov/standards/marcxml/schema/MARC21slim.xsd"
    xmlns="http://www.loc.gov/MARC21/slim">

  <leader>00872cam a2200265 i 4500</leader>
  <controlfield tag="001">1137634</controlfield>
  <controlfield tag="003">YEEZEN</controlfield>
  <controlfield tag="005">20250903140906.0</controlfield>
  <controlfield tag="008">240716s2024    ch     g      000 0 chi d</controlfield>
  <datafield tag="020" ind1=" " ind2=" ">
    <subfield code="a">9786263963146</subfield>
    <subfield code="q">(&#x5E73;&#x88DD;) :</subfield>
    <subfield code="c">NT$380</subfield>
  </datafield>
  <datafield tag="040" ind1=" " ind2=" ">
    <subfield code="a">&#x975C;&#x5B9C;</subfield>
    <subfield code="b">chi</subfield>
    <subfield code="e">CCR</subfield>
    <subfield code="d">PTTCL</subfield>
    <subfield code="c">.</subfield>
  </datafield>
  <datafield tag="042" ind1=" " ind2=" ">
    <subfield code="a">nbic</subfield>
  </datafield>
  <datafield tag="084" ind1=" " ind2=" ">
    <subfield code="a">176.5</subfield>
    <subfield code="2">ncsclt</subfield>
  </datafield>
  <datafield tag="090" ind1=" " ind2=" ">
    <subfield code="a">176.5</subfield>
  </datafield>
  <datafield tag="100" ind1="1" ind2=" ">
    <subfield code="a">&#x76E7;&#x71A0;&#x7FCE;</subfield>
  </datafield>
  <datafield tag="245" ind1="1" ind2="0">
    <subfield code="a">&#x70BA;&#x4EC0;&#x9EBC;&#x5225;&#x4EBA;&#x8B1B;&#x4E00;&#x53E5;&#x5C31;&#x7206;&#x70B8;? :</subfield>
    <subfield code="b">&#x627E;&#x5230;&#x4F60;&#x7684;&#x60C5;&#x7DD2;&#x89F8;&#x52D5;&#x6309;&#x9215;, &#x6E05;&#x7406;&#x8CA0;&#x9762;&#x4FE1;&#x5FF5;, &#x4E0D;&#x518D;&#x88AB;&#x7D91;&#x7D81;&#x7684;&#x8F49;&#x5316;&#x7DF4;&#x7FD2; /</subfield>
    <subfield code="c">&#x76E7;&#x71A0;&#x7FCE;&#x8457;</subfield>
  </datafield>
  <datafield tag="246" ind1="1" ind2=" ">
    <subfield code="a">&#x70BA;&#x4EC0;&#x9EBC;&#x5225;&#x4EBA;&#x8B1B;1&#x53E5;&#x5C31;&#x7206;&#x70B8;?</subfield>
  </datafield>
  <datafield tag="246" ind1="1" ind2=" ">
    <subfield code="a">&#x627E;&#x5230;&#x4F60;&#x7684;&#x60C5;&#x7DD2;&#x89F8;&#x52D5;&#x6309;&#x9215;, &#x6E05;&#x7406;&#x8CA0;&#x9762;&#x4FE1;&#x5FF5;, &#x4E0D;&#x518D;&#x88AB;&#x7D91;&#x7D81;&#x7684;&#x8F49;&#x5316;&#x7DF4;&#x7FD2;</subfield>
  </datafield>
  <datafield tag="250" ind1=" " ind2=" ">
    <subfield code="a">&#x521D;&#x7248;</subfield>
  </datafield>
  <datafield tag="260" ind1=" " ind2=" ">
    <subfield code="a">&#x81FA;&#x5317;&#x5E02; :</subfield>
    <subfield code="b">&#x6642;&#x5831;&#x6587;&#x5316;,</subfield>
    <subfield code="c">2024.06</subfield>
  </datafield>
  <datafield tag="300" ind1=" " ind2=" ">
    <subfield code="a">319 &#x9762; ;</subfield>
    <subfield code="c">21 &#x516C;&#x5206;</subfield>
  </datafield>
  <datafield tag="490" ind1="0" ind2=" ">
    <subfield code="a">Learn ;</subfield>
    <subfield code="v">077.</subfield>
  </datafield>
  <datafield tag="650" ind1=" " ind2="7">
    <subfield code="a">&#x60C5;&#x7DD2;&#x7BA1;&#x7406;</subfield>
    <subfield code="2">lcstt.</subfield>
  </datafield>
  <datafield tag="942" ind1=" " ind2=" ">
    <subfield code="2">ccl</subfield>
    <subfield code="c">BOOK</subfield>
  </datafield>
  <datafield tag="999" ind1=" " ind2=" ">
    <subfield code="c">7673</subfield>
    <subfield code="d">7673</subfield>
  </datafield>
  <datafield tag="952" ind1=" " ind2=" ">
    <subfield code="0">0</subfield>
    <subfield code="1">0</subfield>
    <subfield code="2">ccl</subfield>
    <subfield code="4">0</subfield>
    <subfield code="7">0</subfield>
    <subfield code="a">yeezen</subfield>
    <subfield code="b">yeezen</subfield>
    <subfield code="c">YEEZEN</subfield>
    <subfield code="d">2025-09-03</subfield>
    <subfield code="l">2</subfield>
    <subfield code="o">176.5</subfield>
    <subfield code="p">C03259</subfield>
    <subfield code="r">2025-12-22 00:00:00</subfield>
    <subfield code="s">2025-12-09</subfield>
    <subfield code="w">2025-09-03</subfield>
    <subfield code="y">BOOK</subfield>
    <subfield code="z">&#x60C5;&#x7DD2;&#x53CD;&#x6620;&#x7684;&#x662F;&#x6211;&#x5011;&#x7684;&#x5167;&#x5728;&#x554F;&#x984C;&#x3002;&#x6211;&#x5011;&#x6703;&#x4EE5;&#x70BA;&#x662F;&#x6211;&#x5728;&#x751F;&#x6C23;&#x3001;&#x6211;&#x5728;&#x7126;&#x616E;,&#x60C5;&#x7DD2;&#x5C31;&#x662F;&#x6211;&#x7684;&#x5C55;&#x73FE;,&#x4F46;&#x60C5;&#x7DD2;&#x4E0D;&#x662F;&#x4F60;,&#x5B83;&#x662F;&#x4E00;&#x7A2E;&#x80FD;&#x91CF;&#x6DF7;&#x5408;&#x9AD4;,&#x56E0;&#x70BA;&#x904E;&#x5F80;&#x7684;&#x7FD2;&#x6163;&#x3001;&#x5916;&#x754C;&#x7684;&#x5883;&#x9047;&#x3001;&#x5167;&#x5728;&#x611F;&#x77E5;&#x7684;&#x5F37;&#x5316;,&#x6240;&#x5F62;&#x6210;&#x7684;&#x53CD;&#x61C9;&#x3002;</subfield>
  </datafield>
</record>
